000 00718nam a2200289Ia 4500
005 20260324114256.0
008 008 260324s9999 xx 000 0 eng d
020 _a9781315172187
037 _aEBOOK
040 _aCRL
040 _beng
040 _cCRL
041 _2eng
041 _aeng
084 _qCRL
100 _aDaniel J. Villa; Jens H. Clegg
_91150131
245 0 _aU.S. Mexican Spanish West of the Mississippi
245 0 _bSocial Context and Linguistic Features
260 _bTaylor and Francis
260 _c2023
365 _a
365 _b230
856 _uhttp://www.taylorfrancis.com/books/9781315172187
942 _cEBOOK
999 _c1740213
_d1740213